Focus 1 (Record no. 76648)

MARC details
000 -LEADER
fixed length control field 00690cab a2200193 4500
001 - CONTROL NUMBER
control field ##L132823
008 - FIXED-LENGTH DATA ELEMENTS--GENERAL INFORMATION
fixed length control field 060310n2006 000 0 eng u
035 ## - SYSTEM CONTROL NUMBER
System control number (Sirsi) u132823
041 0# - LANGUAGE CODE
Language code of text/sound track or separate title eng
100 1# - MAIN ENTRY--PERSONAL NAME
Personal name Thane, David
245 00 - TITLE STATEMENT
Title Focus 1
Remainder of title MIPIM
260 ## - PUBLICATION, DISTRIBUTION, ETC.
Date of publication, distribution, etc. 2006
490 #0 - SERIES STATEMENT
Series statement Estates Gazette
Volume/sequential designation (0609) 4 March 2006, 109-131(12)
520 ## - SUMMARY, ETC.
Summary, etc. Reports on the star attractions of MIPIM (Marche International des Professionnels d'Immobilier) 2006 and announces the eight winners of the MIPIM architectural awards 2006. Previews CABE's own design review of tall buildings ahead of publication.
650 24 - SUBJECT ADDED ENTRY--TOPICAL TERM
Topical term or geographic name entry element MIPIM
690 ## - LOCAL SUBJECT ADDED ENTRY--TOPICAL TERM (OCLC, RLIN)
Topical term or geographic name as entry element PROPERTY
700 1# - ADDED ENTRY--PERSONAL NAME
Personal name Meadwell, Stacey
942 ## - ADDED ENTRY ELEMENTS (KOHA)
Suppress in OPAC 0
Holdings
Withdrawn status Lost status Source of classification or shelving scheme Damaged status Not for loan Home library Current library Shelving location Date acquired Total Checkouts Full call number Barcode Date last seen Copy number Price effective from Koha item type
    Dewey Decimal Classification     London London Journal article 10/03/2006   L132823 132823-1001 06/08/2019 1 06/08/2019 Journal article